| 000 | 00549nam a22001697a 4500 | ||
|---|---|---|---|
| 008 | 161121b xxu||||| |||| 00| 0 eng d | ||
| 020 | _a0-19-825883-6 | ||
| 050 | _aKZ21.B7(1996 vol.67) | ||
| 245 |
_aThe British Year Book Of International Law1996:sixty-sventh Year Of Issue. / _clan Brownlie and James Crawford. |
||
| 260 |
_aLondon: _bOxford University Press; _c1997. |
||
| 300 |
_aix, 884p: _c24cm. |
||
| 440 |
_pBritish Yearbook _vvol.64. |
||
| 500 | _aInclude index | ||
| 800 | _aBrownlie, lan | ||
| 800 | _aCrawford, James | ||
| 942 |
_2lcc _cBK |
||
| 999 |
_c6142 _d13642 |
||